The Areba 'Een (Record no. 185372)
[ view plain ]
| 000 -LEADER | |
|---|---|
| fixed length control field | 00677 a2200169 4500 |
| 003 - CONTROL NUMBER IDENTIFIER | |
| control field | Nust |
| 005 - DATE AND TIME OF LATEST TRANSACTION | |
| control field | 20221207125436.0 |
| 040 ## - CATALOGING SOURCE | |
| Transcribing agency | Nust |
| 082 ## - DEWEY DECIMAL CLASSIFICATION NUMBER | |
| Classification number | 297.124,SHE |
| 100 ## - MAIN ENTRY--PERSONAL NAME | |
| Personal name | Ali,Zaheer |
| 9 (RLIN) | 104342 |
| 245 ## - TITLE STATEMENT | |
| Title | The Areba 'Een |
| Remainder of title | 40 Ahadith of Imam Nawawi / |
| Statement of responsibility, etc. | Zaheer Ali |
| 260 ## - PUBLICATION, DISTRIBUTION, ETC. | |
| Place of publication, distribution, etc. | Karachi |
| Name of publisher, distributor, etc. | Darul Ishaat |
| Date of publication, distribution, etc. | 1998 |
| 300 ## - PHYSICAL DESCRIPTION | |
| Extent | 175:p.; |
| 505 ## - FORMATTED CONTENTS NOTE | |
| Formatted contents note | The Way Of The Mujahideen (Page-18), Censure For Ostentation (Page-21), Some Signs Of Qayaamah (Page-29), Medition Upon One’s Origin (Page-34), Avoidance Of Doubtful Things (Page-55),Hayya (Page-80), Salaat Of Din (Page-120), The Reward Of Tilaawat (Page-161). |
| 650 ## - SUBJECT ADDED ENTRY--TOPICAL TERM | |
| Topical term or geographic name entry element | Ahadith |
| 9 (RLIN) | 104343 |
| 942 ## - ADDED ENTRY ELEMENTS (KOHA) | |
| Source of classification or shelving scheme | |
| Koha item type | Book |
| Call number prefix | 297.124,SHE |
| Withdrawn status | Lost status | Source of classification or shelving scheme | Damaged status | Not for loan | Permanent Location | Current Location | Shelving location | Date acquired | Full call number | Barcode | Date last seen | Price effective from | Koha item type | Public note |
|---|---|---|---|---|---|---|---|---|---|---|---|---|---|---|
| Military College of Signals (MCS) | Military College of Signals (MCS) | General Stacks | 12/12/2016 | 297.124,SHE | MCS31305 | 12/08/2016 | 12/12/2016 | Book | Almirah No.47, Shelf No.3 |
